|
|
|
|
| LEADER |
00742cam a2200229 7i4500 |
| 001 |
0000006902 |
| 005 |
20170218090000.0 |
| 020 |
|
|
|a 0273651617 (pbk.)
|
| 020 |
|
|
|a 9780273651611
|
| 090 |
0 |
0 |
|a HF5635
|b .G53 2001
|
| 100 |
1 |
|
|a Glautier, M W E
|
| 245 |
1 |
0 |
|a Accounting :
|b theory and practice
|c M W E Glautier, B Underdown.
|
| 250 |
|
|
|a 7th ed.
|
| 260 |
|
|
|a Harlow, England:
|b Pearson Education Ltd.,
|c 2001.
|
| 300 |
|
|
|a xii, 716 p.:
|b ill.;
|c 25cm.
|
| 650 |
0 |
0 |
|a Accounting
|
| 700 |
1 |
|
|a Underdown, B
|
| 997 |
|
|
|a Business & Accountancy, Faculty
|
| 998 |
|
|
|a Accountancy, Degree
|
| 998 |
|
|
|a Accountancy, Diploma
|
| 999 |
|
|
|a 0000004232
|b BOK
|c OPEN SHELF
|e 1st Floor, Shah Alam
|
| 999 |
|
|
|a 0000005100
|b BOK
|c OPEN SHELF
|e 1st Floor, Shah Alam
|